000 00679nam a22002417a 4500
001 BD-DhSAU 2590
003 BD-DhSAU
005 20150129130148.0
008 150129b2008 ii a|||| |||| 001 0 eng d
020 _a8170355389
020 _a9788170355380
040 _aBD-DhSAU
082 _222
_a553.7
_bBAW
100 _aBandyopadhyay, Sukumar
245 _aWater quality management for coastal aquaculture /
_cSukumar Bandyopadhyay
260 _aDelhi :
_bDaya Publishing House ,
_c2008.
300 _axx, 354 p. :
_bill. ;
_c24 cm.
504 _ainclude index
590 _atamanna
650 _achemistry
650 _acoastal aquaculture
650 _awater management
942 _2ddc
_cBOOK
999 _c2590
_d2590